000 01519cam a2200445 a 4500
001 sjds17444764
003 sjds
005 20170720150649.0
008 910911s1988 iluab j 001 0 spa
010 _a85-006712 /AC
020 _a0516312685
_qlibrary binding
_c$8.95
020 _a0516512684
_qpaperback
020 _a9780516512686 (pbk.)
040 _aCWoY
_beng
_cCWoY
041 1 _aspa
_hng
043 _as------
050 0 _aF3429.M43 1988
082 0 _a985/.01
_219
092 _aSP J985 MCK
092 _aSP J 985 MCK
100 1 _aMcKissack, Pat,
_d1944-2017.
240 1 0 _aInca.
_lSpanish.
245 1 4 _aLos Incas /
_cpor Patricia McKissack ; traductor, Roberto Franco.
260 _aChicago :
_bChildrens Press,
_cc1988.
300 _a45 pages :
_billustrations (some color), map ;
_c22 cm.
336 _atext
_btxt
_2rdacontent.
337 _aunmediated
_bn
_2rdamedia.
338 _avolume
_bnc
_2rdacarrier.
490 1 _aAsi es mi mundo.
500 _aTranslation of: The Inca.
500 _aIncludes index.
520 _aTraces the rise of the Incan civilization with emphasis on their culture, social structure, government, economy, and the fatal encounter with the Spanish conquistadors which brought about the end of their society.
650 0 _aIncas
_vJuvenile literature.
650 0 _aIncas.
650 0 _aIndians of South America.
650 0 _aSpanish language
_vTexts.
650 1 _aSpanish language materials.
830 0 _aAsi es mi mundo.
942 _2ddc
_cBK
999 _c18614
_d18614